Guess the 1970s song lyrics #136 - Statistics

General Stats
  • This quiz has been taken 24 times
  • The average score is 204 of 374
Answer Stats
Answer % Correct
a
100%
I
100%
n
100%
the
100%
The
100%
you
100%
You
100%
and
95%
it
90%
In
85%
in
85%
We
85%
we
85%
be
80%
Go
80%
of
80%
Of
80%
to
80%
your
80%
Your
80%
my
75%
no
75%
They
75%
they
75%
love
70%
on
70%
way
70%
will
70%
out
65%
see
65%
there
65%
all
60%
as
60%
By
60%
by
60%
One
60%
too
60%
with
60%
I'll
55%
our
50%
you'll
50%
Down
45%
Than
45%
we'll
45%
around
40%
come
40%
make
40%
more
40%
day
35%
feel
35%
over
35%
roundabout
35%
sky
35%
time
35%
really
30%
before
25%
Call
25%
hand
25%
wind
25%
lake
20%
Mountains
20%
sing
20%
valley
20%
Along
15%
children
15%
dancing
15%
Even
15%
four
15%
hold
15%
morning
15%
music
15%
Next
15%
sound
15%
spent
15%
stand
15%
through
15%
view
15%
atmosphere
10%
dance
10%
driving
10%
grains
10%
land
10%
laughing
10%
mile
10%
remember
10%
ring
10%
sand
10%
sees
10%
true
10%
Twenty
10%
wings
10%
words
10%
answers
5%
Catching
5%
charge
5%
closer
5%
cloud
5%
create
5%
deeper
5%
distant
5%
drifting
5%
eagle
5%
eagle's
5%
fears
5%
lose
5%
million
5%
partly
5%
rim
5%
sailor
5%
searching
5%
silhouette
5%
Spins
5%
summers
5%
Surrounded
5%
swirling
5%
Ten
5%
thousand
5%
weather
5%
years
5%
No matching quizzes found
Score Distribution
Percent of People with Each Score
Percentile by Number Answered
Your Score History
You have not taken this quiz